000 00628nam a2200229 i 4500
001 C2-0113078
003 PPAK
005 20180727104147.0
008 970701s1964 my |||| ||||| | may d
040 _aPPAK
_beng
_cPPAK
_erda
082 0 4 _a959.5
_223
090 0 0 _a959.5
_bMEN
_dKK
100 1 _aMenon, A.K.,
_eauthor
245 1 0 _aSejarah Tanah Melayu (1400-1963)
264 1 _aKuala Lumpur :
_bMarican & Sons (Malaysia) Ltd. ,
_c1964
300 _a86 pages ;
_c19 cm
336 _2rdacontent
_atext
337 _2rdamedia
_aunmediated
338 _2rdacarrier
_avolume
650 1 0 _aMalaysia - History
942 _ddc
_cB
999 _c28616
_d28616